[Event "Selfoss Milk Masters 2nd"]
[Site "Selfoss"]
[Date "2003.10.31"]
[Round "3"]
[White "De Firmian, Nick E"]
[Black "Vallejo Pons, Francisco"]
[Result "0-1"]
[WhiteElo "2553"]
[BlackElo "2662"]
[Annotator "Ftacnik,L"]
[PlyCount "54"]
[EventDate "2003.10.29"]
[EventType "tourn"]
[EventRounds "9"]
[EventCountry "ISL"]
[EventCategory "15"]
[SourceTitle "CBM 098"]
[Source "ChessBase"]
[SourceDate "2004.02.03"]
[SourceVersion "1"]
[SourceVersionDate "2004.02.03"]
[SourceQuality "1"]

1. e4 c5 2. Nf3 Nc6 3. d4 cxd4 4. Nxd4 Nf6 5. Nc3 e5 6. Ndb5 d6 7. a4 a6 8. Na3
Bg4 9. f3 Be6 10. Be3 {It may seem very strange, but this most natural move
could well be quite second rate.} (10. Nc4 Rc8 11. Ne3 Nb4 12. Bd3 d5 13. exd5
Nfxd5 14. Ncxd5 Nxd5 15. Nxd5 Bxd5 16. O-O Bc5+ 17. Kh1 O-O 18. Qe2 Qe7 19. Bd2
f5 20. Rfe1 Rce8 21. Bc4 Qf7 22. Bxd5 Qxd5 {1/2-1/2 Farago,S-Wendt,J/Budapest
2003/ (22)}) 10... Nb4 11. Nc4 (11. Bc4 d5 $1 12. exd5 Nbxd5 $15) 11... d5 12.
Bb6 (12. Nb6 d4 13. Nxa8 Qxa8 $17) 12... Qe7 $1 {An excellent retrea of the
queen, white pieces are located quite unnaturally and the king will become
target in a few moves.} (12... Qb8 13. exd5 Nbxd5 14. Nxd5 Nxd5 15. Bd3 $11)
13. exd5 (13. Nxe5 Qd6 14. Bd4 dxe4 $17) 13... Nbxd5 14. Nxd5 (14. Ba5 Rc8 15.
Nxd5 Nxd5 16. b3 e4 $17) 14... Nxd5 15. Bf2 (15. Ba5 Rc8 16. b3 (16. Nxe5 $4
Ne3 $19) 16... e4 $17) 15... Rd8 16. Qd2 {The first independent move, since
there already was a game with a painful end for white.} (16. Qc1 Qc7 17. c3 Bc5
18. b4 Bxf2+ 19. Kxf2 O-O 20. a5 e4 21. Ne3 exf3 22. Nxd5 Bxd5 23. g3 Rfe8 24.
Bd3 Bc4 {0-1 Mueller,K-Babula,V/Germany 1998/GER-chT (24)}) 16... Nb4 (16...
Nb6 $5 17. Qc3 (17. Qxd8+ Qxd8 18. Nxb6 Qc7 $19) 17... Nxc4 18. Bxc4 Rc8 19. b3
Qb4 20. Qxb4 Bxb4+ 21. Kf1 Bxc4+ 22. bxc4 Rxc4 $17) 17. Qc3 (17. Qe2 Qc7 18.
Ne3 Nxc2+ 19. Qxc2 Bb4+ 20. Ke2 Qxc2+ 21. Nxc2 Rd2+ 22. Ke3 Rxc2 $19) 17... Qg5
(17... Rc8 $5 18. a5 Nxc2+ 19. Qxc2 Qb4+ 20. Qd2 Bxc4 $17) 18. Rd1 (18. Bg3 Bc5
19. Rd1 O-O $17) 18... Nxc2+ $5 {Vallejo is playing the game with a great
phantasy, De Firmian was not enjoying himself in the unpleasant defense of the
shaky position.} (18... Rxd1+ 19. Kxd1 Nc6 20. Qd2 $15) 19. Qxc2 Bb4+ 20. Nd2 (
20. Ke2 Bxc4+ 21. Qxc4 Rd2+ $19) (20. Rd2 Bxc4 $19) 20... Bf5 21. Qc1 Rc8 22.
Qa1 $2 {[%mdl 256] The queen retreat to the edge of the board makes false
impression, undeveloped pieces will cost white the whole point.} (22. Bc4 $5 b5
(22... Qxg2 23. Ke2 (23. Rg1 Qxf3 $19) 23... Bd3+ 24. Bxd3 (24. Kxd3 Qxf2 $19)
24... Rxc1 25. Rxc1 Bxd2 26. Rhg1 Qh3 27. Rg3 $13) 23. O-O (23. axb5 Bd3 24. b3
Qxg2 25. Rg1 Qxf3 $19) 23... bxc4 24. Nxc4 Qe7 $15) 22... Bc2 (22... Rc2 23.
Be2 Bxd2+ 24. Kf1 O-O $19) 23. h4 (23. Qc1 O-O $19) 23... Qf4 24. g3 (24. Ke2
Rd8 25. Be3 Bd3+ 26. Kf2 Qxe3+ 27. Kxe3 Bc5#) 24... Qxf3 25. Rh2 Qe4+ 26. Be2
Bxd1 27. Qxd1 (27. Kxd1 Qc2+ $19) 27... Rd8 0-1

[Event "Lazne Bohdanec"]
[Site "Lazne Bohdanec"]
[Date "1995.??.??"]
[Round "3"]
[White "Jansa, Vlastimil"]
[Black "Votava, Jan"]
[Result "0-1"]
[WhiteElo "2525"]
[BlackElo "2395"]
[Annotator "Ftacnik,L"]
[PlyCount "98"]
[EventDate "1995.01.??"]
[EventType "tourn"]
[EventRounds "11"]
[EventCountry "CZE"]
[EventCategory "10"]
[SourceTitle "CBM 045"]
[Source "ChessBase"]
[SourceDate "1995.04.01"]
[SourceVersion "1"]
[SourceVersionDate "1995.04.01"]
[SourceQuality "1"]

1. e4 c5 2. Nf3 Nc6 3. d4 cxd4 4. Nxd4 e5 5. Nb5 d6 6. a4 Nf6 7. N1c3 a6 8. Na3
Bg4 $1 9. f3 (9. Be2 Bxe2 10. Qxe2 d5 11. exd5 Nxd5 12. O-O Nxc3 13. bxc3 Bc5
$10 {Rublevskij-Babula,V/WchJ/1993/}) 9... Be6 10. Bc4 Rc8 11. O-O Nb4 12. Bxe6
(12. Bb3 Be7 13. Be3 O-O $10) 12... fxe6 13. Qe1 Be7 14. Bg5 O-O 15. Rd1 Qb6+
$1 (15... Qe8 16. Kh1 $1 (16. Ncb5 $2 Nxc2 17. Nxc2 axb5 $17) 16... Qh5 $6 17.
Bxf6 Rxf6 18. Nd5 $1 Nxd5 19. exd5 $14) 16. Be3 Qc6 (16... Qc7 $1 17. Ncb5 (17.
Bg5 d5 18. Bxf6 Rxf6 19. exd5 exd5 20. Nxd5 Nxd5 21. Rxd5 Qb6+ 22. Kh1 Qxb2 23.
Nb1 Rxc2 $17) 17... axb5 18. Qxb4 bxa4 19. Qxa4 d5 $15) 17. Bf2 Rfe8 (17... Qc7
$5 {xe5}) 18. Kh1 Bf8 19. Bh4 Nh5 20. Bg5 $2 (20. Qd2 $1 d5 (20... h6 21. Ncb5
axb5 22. axb5 Qc5 23. Bf2 $1 $16) 21. exd5 exd5 22. Nxd5 Nxd5 23. Qxd5+ Qxd5
24. Rxd5 Bxa3 25. bxa3 Rxc2 $10) 20... d5 $1 21. Qh4 g6 22. g4 Nf4 $1 (22...
Ng7 23. Bf6 $16) 23. Bxf4 exf4 24. Rd2 Bg7 25. Nab1 d4 26. Ne2 Nxc2 27. Nxf4
Ne3 28. Rg1 Rf8 $6 (28... Qxa4 29. Nh3 Rc2 $19) 29. Nh3 h6 30. Qg3 g5 31. Nf2
Rf7 (31... Qxa4) 32. Nd3 Rcf8 33. Rf2 Qxa4 34. Ne5 Bxe5 35. Qxe5 Qd7 36. Nd2 (
36. Rd2 $2 Nc4 37. Qxd4 Nxd2 $19) 36... Rd8 37. h4 Qd6 38. Qa5 e5 39. Rh2 Rdf8
(39... Kg7 $1 $19) 40. hxg5 hxg5 41. Rh5 Rh7 42. Rg3 Kg7 43. Kg1 (43. Rgh3 Rxh5
44. Rxh5 Rh8 $19) 43... Rxh5 44. gxh5 Kh6 45. b3 b5 46. Kf2 Rc8 47. Rg1 Rc2 48.
Ra1 Rc6 49. Ra2 Qf6 (49... Qf6 50. Ra1 g4 $19) 0-1

[Event "Interpolis-02"]
[Site "Tilburg"]
[Date "1978.09.12"]
[Round "9"]
[White "Browne, Walter Shawn"]
[Black "Timman, Jan H"]
[Result "1/2-1/2"]
[WhiteElo "2550"]
[BlackElo "2585"]
[Annotator "Ftacnik,L"]
[PlyCount "41"]
[EventDate "1978.09.01"]
[EventType "tourn"]
[EventRounds "11"]
[EventCountry "NED"]
[EventCategory "14"]
[SourceTitle "MCL"]
[Source "ChessBase"]
[SourceDate "1999.07.01"]
[SourceVersion "1"]
[SourceVersionDate "1999.07.01"]
[SourceQuality "1"]

1. e4 c5 2. Nf3 Nc6 3. d4 cxd4 4. Nxd4 Nf6 5. Nc3 e6 6. Ndb5 d6 7. Bf4 e5 8.
Bg5 a6 9. Na3 Be6 (9... b5) 10. Nc4 Rc8 11. Bxf6 (11. Nd5) (11. Bd3) (11. Ne3)
11... gxf6 (11... Qxf6 $5 12. Nb6 (12. Nxd6+ $5) 12... Rb8 13. Ncd5 Qd8 $14)
12. Bd3 (12. Nd5) (12. Ne3 $1) 12... Ne7 13. Qe2 $5 (13. Ne3 $1) 13... d5 14.
exd5 Nxd5 15. Nxd5 Qxd5 16. Ne3 (16. Nb6 $4 Qa5+) 16... Qc6 17. c3 e4 18. Bc2
f5 19. O-O-O Bg7 20. Bb3 O-O 21. Nd5 $13 1/2-1/2

[Event "Madrid"]
[Site "Madrid"]
[Date "1995.??.??"]
[Round "8"]
[White "Short, Nigel D"]
[Black "Illescas Cordoba, Miguel"]
[Result "1-0"]
[WhiteElo "2655"]
[BlackElo "2595"]
[Annotator "Ftacnik,L"]
[PlyCount "83"]
[EventDate "1995.05.??"]
[EventType "tourn"]
[EventRounds "9"]
[EventCountry "ESP"]
[EventCategory "16"]
[SourceTitle "CBM 047"]
[Source "ChessBase"]
[SourceDate "1995.08.01"]
[SourceVersion "1"]
[SourceVersionDate "1995.08.01"]
[SourceQuality "1"]

1. e4 c5 2. Nf3 Nc6 3. d4 cxd4 4. Nxd4 Nf6 5. Nc3 e5 6. Ndb5 d6 7. Bg5 a6 8.
Na3 b5 9. Bxf6 gxf6 10. Nd5 Bg7 11. c3 f5 12. exf5 Bxf5 13. Nc2 Be6 14. g3 O-O
15. Bg2 Rb8 16. O-O Ne7 $6 (16... a5 17. Qh5 (17. Re1 $5 Qd7 18. Qh5 f5 19.
Rad1 e4 $5 20. Nce3 Ne5 21. Re2 Ng6 $8 22. Red2 Be5 $13 {Short,N-Kramnik,V/
Novgorod/1994/0-1 (41)}) 17... Qd7 18. Rad1 f5 19. Nce3 Qf7 20. Qxf7+ Rxf7 21.
Rd2 h5 22. Bf3 f4 23. Nc2 fxg3 24. fxg3 {Ivanchuk,V-Illescas Cordoba,M/Linares
(05)/1995/0.5 (35)}) (16... Qd7 17. Ncb4 Nxb4 18. Nxb4 Rb6 19. Nd5 Rbb8 20. Re1
Kh8 21. Re4 f5 22. Rh4 Bf6 23. Rh6 $13 {Polovodin,I-Maljutin,E/Voroshilovgrad
op/1989/0.5 (38)}) 17. Nxe7+ Qxe7 18. Nb4 Rb6 19. f4 (19. Nd5 Bxd5 20. Bxd5 Kh8
21. Qe2 a5 22. b4 a4 23. a3 e4 24. Rac1 $16 {Feher,Gy-Schroter,T/Zalaegerszeg 
(02)/1993/1-0 (49)}) 19... f5 (19... Re8 20. f5 Bc4 21. Re1 a5 22. Nc6 Qd7 23.
b3 Rxc6 24. Bxc6 Qxc6 25. bxc4 $16) 20. Bd5 $1 a5 21. Bxe6+ Qxe6 22. Nd5 Rb7 (
22... Rc6 $2 23. Ne7+ $1 Qxe7 24. Qd5+ $18) 23. Qd2 Kh8 24. a3 Qc8 (24... Rc8
25. Rad1 {xf5}) 25. Rad1 Qc4 26. Rf2 Bh6 $6 (26... Qc5 $142 $16) 27. Ne3 Qe4 (
27... Qc5 28. Qxd6 Qxd6 29. Rxd6 exf4 30. gxf4 $16) 28. Qxd6 Qxe3 (28... Bg7
29. Re1 $16) 29. Qxh6 Rg7 (29... Rbf7 30. Qd6 $16) 30. Qd6 Re8 31. fxe5 Qxe5 (
31... Rxe5 $2 32. Qf8+ Rg8 33. Qf6+ Rg7 34. Rd7 $18) 32. Qd5 (32. Qxe5 Rxe5 33.
Rd8+ Rg8 34. Rfd2 $16) 32... Rg5 33. Kf1 Kg7 34. Qf3 (34. Qxe5+ Rxe5 35. Re2
Rxe2 36. Kxe2 Rh5 37. h4 f4) 34... Qe4 (34... a4 35. Rd5 Qe1+ 36. Kg2 Re5 37.
Rxe5 Qxe5 38. Re2 Qc7 39. Qd5 $18) 35. Rd5 Re5 36. Qxe4 fxe4 (36... Rxe4 37.
Rxb5 $18) 37. Rxe5 Rxe5 38. Ke2 b4 (38... Kg6 39. Ke3 $18) 39. axb4 axb4 40. c4
$1 Rc5 (40... b3 41. Ke3 Rc5 42. Kd4 $18) 41. b3 Ra5 42. Ke3 (42. Ke3 Ra3 43.
Rb2 Kf6 44. Kxe4 $18) 1-0

[Event "Interpolis-02"]
[Site "Tilburg"]
[Date "1978.09.07"]
[Round "6"]
[White "Hort, Vlastimil"]
[Black "Huebner, Robert"]
[Result "1/2-1/2"]
[WhiteElo "2620"]
[BlackElo "2595"]
[Annotator "Ftacnik,L"]
[PlyCount "37"]
[EventDate "1978.09.01"]
[EventType "tourn"]
[EventRounds "11"]
[EventCountry "NED"]
[EventCategory "14"]
[SourceTitle "MCL"]
[Source "ChessBase"]
[SourceDate "1999.07.01"]
[SourceVersion "1"]
[SourceVersionDate "1999.07.01"]
[SourceQuality "1"]

1. e4 c5 2. Nf3 Nc6 3. d4 cxd4 4. Nxd4 Qb6 $5 5. Nb3 Nf6 6. Nc3 (6. Bd3 $5 d5
7. exd5 Nxd5 8. O-O (8. Bxh7 $5) 8... g6 9. Qf3 (9. Bxg6 $5) 9... Be6 $13) 6...
e6 7. Bd3 Be7 8. Be3 (8. a4 $5) 8... Qc7 9. f4 d6 10. Qf3 (10. Qe2 $5) 10... a6
(10... O-O 11. g4 $5) 11. O-O (11. g4 $5 {/\0-0-0!?}) 11... O-O 12. Kh1 (12.
Rae1) 12... b6 (12... b5 $5 13. a4) 13. a3 Rb8 14. Rae1 (14. Qh3) 14... Nd7 15.
Qh3 Re8 16. Nd4 Nf8 17. Nxc6 Qxc6 18. Qg3 b5 19. Bd4 (19. Bd4 Ng6 $1 $13)
1/2-1/2

[Event "EU-ch 14th"]
[Site "Legnica"]
[Date "2013.05.08"]
[Round "4"]
[White "Grandelius, Nils"]
[Black "Movsesian, Sergei"]
[Result "0-1"]
[WhiteElo "2556"]
[BlackElo "2693"]
[Annotator "Ftacnik,L"]
[PlyCount "82"]
[EventDate "2013.05.05"]
[EventType "swiss"]
[EventRounds "11"]
[EventCountry "POL"]
[SourceTitle "CBM 155"]
[Source "ChessBase"]
[SourceDate "2013.07.16"]
[SourceVersion "1"]
[SourceVersionDate "2013.07.16"]
[SourceQuality "1"]

1. e4 c5 2. Nf3 Nc6 3. d4 cxd4 4. Nxd4 Qb6 5. Nb3 Nf6 6. Nc3 e6 7. Qe2 d6 8. g4
{The great hope of Swedish chess does not hesitate to justify his queen move
to e2 by applying the ideas of the Keres attack at a somewhat unusual moment.
Black will not lose his head, rather try to generate counterplay on the
queenside.} a6 9. g5 Nd7 10. h4 {It is not so easy to spot but we have reached
an important crossroads for the future development of the game. From the
perspective of classical chess it may seem more natural to advance the f-pawn,
but attack along the h-file has some plusses as well. One of them is certainly
a chance to speedily centralise the rook from h1.} (10. f4 Qc7 11. Be3 (11. a3
b6 12. Be3 Bb7 13. Bh3 O-O-O 14. f5 Re8 15. O-O-O Kb8 16. Nd4 Nde5 17. fxe6
fxe6 18. b4 Nxd4 19. Bxd4 Nd7 20. Rhf1 Be7 21. Kb2 Bxg5 22. Rf7 $14 {1-0 (34)
Perez Candelario,M (2511)-Roeder,M (2400) Campillos 2006}) 11... b5 12. O-O-O
Nb6 13. Qf2 Rb8 14. Kb1 Be7 15. f5 Nc4 16. Bc1 N6e5 17. Nd4 Na3+ 18. bxa3 Qxc3
19. Rg1 Qc5 20. Rg3 Nc4 $11 {0-1 (82) Vaibhav,S (2448)-Dobrov,V (2496) Moscow
2012}) 10... Qc7 11. h5 b5 12. Rh3 {In a fairly recent game Judit Polgar was
forced to withstand the attack of her opponent with similar ideas of a knight
move to d5.} (12. f4 Nc5 13. Bg2 b4 14. Nd5 exd5 15. exd5+ Ne7 16. Nd4 Bd7 17.
a3 Bb5 18. Nxb5 axb5 19. Qxb5+ Qd7 20. Qxb4 Nf5 21. O-O Be7 $15 {1/2 (42)
Kulaots,K (2581)-Polgar,J (2710) Caleta 2012}) 12... Nc5 (12... Nb6 13. a4 b4
14. a5 Nd7 15. Nb1 Nc5 16. Be3 e5 17. Nxc5 dxc5 18. Rg3 Nxa5 19. Nd2 Be7 20.
Bh3 Bxh3 21. Rxh3 c4 22. Nf3 Nb7 $15 {1-0 (53) Hector,J (2525)-Rabiega,R (2475)
Germany 1996}) 13. Bf4 $2 {The young Grandelius is not afraid to to enter the
complications connected with typical Sicilian sacrifices. An objectively
stronger solution was hidden in modest prevention of the counterplay with 13.
a3.} (13. a3 Nxb3 14. cxb3 Be7 15. Be3 $11) 13... Nxb3 14. axb3 (14. cxb3 b4
15. O-O-O bxc3 16. Rxc3 Be7 17. Kb1 O-O $17) 14... b4 $1 15. Nd5 {If White
does not find the courage for the central knight move his play would lose
internal logic. What is more - at this precise moment the idea of Black's
knight move ...Nd4 is leaving White no real options.} (15. Na4 Nd4 16. Qc4
Nxc2+ $19) (15. O-O-O bxc3 16. Rxc3 Bb7 $17) 15... exd5 16. exd5+ Ne5 (16...
Ne7 17. Re3 a5 18. Qd2 Kd8 $17) 17. Re3 f6 18. Bg3 {Only after the game did it
become clear, that it was much more dangerous for the defender to logically
undermine the pawn structure on the kingside with 18.h6!? In that case the
defender would have been facing the necessity of finding the best king retreat
18...Kd8.} (18. h6 $5 Kd8 $1 (18... Qe7 19. O-O-O Bd7 20. Kb1 $11) (18... Bf5
19. hxg7 Bxg7 20. gxf6 Bxf6 21. Bxe5 dxe5 22. Qf3 Qxc2 23. Re2 e4 24. Qh5+ Bg6
25. Qxg6+ hxg6 26. Rxc2 $11) 19. Bh3 Bxh3 20. Rxh3 Rg8 $17) 18... Be7 19. f4 (
19. gxf6 gxf6 20. f4 Ng4 21. Re4 Bf5 22. Rxb4 Kf7 23. Bh3 Rhg8 $19) 19... Ng4
20. Re4 (20. gxf6 Nxe3 21. fxg7 Rg8 22. Qxe3 Rxg7 $19) 20... Bf5 {[%mdl 256]
White was probably hoping, that the unstable location of the Black's knight on
g4 would serve as a form of compensation for the missing material.
Unfortunately his idea was proven to be unnecessarily dangerous.} 21. Bg2 (21.
Rc4 Qb6 22. gxf6 Nxf6 $19) (21. h6 g6 22. O-O-O Bxe4 23. Qxe4 f5 $19) (21. Bh3
Bxe4 22. Qxe4 f5 23. Qxf5 Ne3 $19) 21... Bxe4 22. Bxe4 Qc5 {Movsesian belongs
to the world's top group of players and just like his colleagues he tries to
avoid passive play and choices. It can help to explain, why the most precise
22...Qd7 might have seemed unappealing to him.} (22... Qd7 $5 23. Bd3 O-O $19)
23. Kd2 $1 (23. O-O-O Qe3+ 24. Qxe3 Nxe3 25. Re1 f5 26. Bd3 Nxd5 $19) 23...
Qd4+ 24. Bd3 Ne5 $1 {Black is feeling the pulse of the position and chooses
the right moment for the knight retreat. He will firmly close access to his
king and still remain with spare material with minimal risk.} (24... f5 $2 25.
Qe6 $1 $15) (24... Qxb2 25. Re1 Ne5 26. fxe5 fxe5 27. Qg4 $15) 25. fxe5 (25.
gxf6 Bxf6 26. fxe5 Bg5+ 27. Kd1 O-O 28. Qe4 Rf1+ 29. Be1 Rxe1+ 30. Kxe1 Qg1+
31. Ke2 Qh2+ 32. Ke1 g6 $19) 25... fxe5 26. c3 {White is hoping to solve the
riddle of the centralised king in order to get some counterplay along the
light squares.} (26. Qe4 Bxg5+ 27. Ke2 Qxe4+ 28. Bxe4 O-O $19) 26... bxc3+ (
26... Bxg5+ 27. Kc2 Qe3 28. Qxe3 Bxe3 29. cxb4 O-O $17) 27. bxc3 Bxg5+ 28. Kc2
Qe3 29. Bb5+ Kd8 30. Qg2 {Objectively speaking the queen retreat is a second
rate solution, but very understandable from a human perspective. The queen
exchange was condemning White to a lingering death against the enemy material
majority.} (30. Qxe3 Bxe3 31. Bc6 Ra7 32. Kd3 Bb6 33. Rf1 Kc7 $17) 30... Rf8
31. Bc6 (31. Bc4 Rf3 32. Be1 e4 33. Kb2 Rb8 34. Qc2 Bf6 $19) 31... Rf3 {
Black does not wait for any invitation to start the real attack. The active
pieces will dominate the board and quickly decide the game.} 32. Be1 (32. Qxf3
Qxf3 33. Bxa8 Qg2+ 34. Kb1 Qxg3 $19) 32... Ra7 33. b4 (33. Kb2 Raf7 $19) 33...
e4 34. Kb3 Bf6 35. Qh2 (35. Qc2 Kc7 36. Bd2 Qd3 $19) 35... Kc7 36. Bd2 Qd4 {
In an original position Black has preferred a slightly exotic square for his
queen. It was very effective to opt also for the simple retreat to the
d3-square.} (36... Qd3 37. Rc1 a5 38. b5 a4+ 39. Ka2 e3 $19) 37. Ka4 (37. Ra3
Qd3 38. Qg1 e3 $19) (37. Qg1 Rxc3+ 38. Ka4 Rxc6 39. Qxd4 Bxd4 $19) (37. Rc1 a5
38. b5 a4+ 39. Ka2 Qc4+ $19) 37... Rf2 (37... Qc4 38. Qg1 e3 39. Bxe3 Bxc3 $19)
38. Qh3 {The end of the game is returning us in spirit to the 19th century.
Grandelius has admitted, that the game is lost and decided to take an original
way out - let his opponent find a beautiful mating pattern.} (38. cxd4 Rxh2 39.
Be3 Rxh5 $19) 38... Qxd2 39. Ka5 (39. Ra3 Qd1+ 40. Ka5 Kb8 $19) (39. Qd7+ Kb6
$19) 39... Kb8 40. Qe6 (40. c4 Qa2+ 41. Qa3 Qxc4 $19) 40... Qa2+ $1 41. Kb6
Bd8# {I can not shake off my impression, that the final part of the game was
conducted in a fairly generous spirit.} 0-1

[Event "Hoogovens-B"]
[Site "Wijk aan Zee"]
[Date "1977.01.20"]
[Round "6"]
[White "Hartoch, Robert G"]
[Black "Jamieson, Robert Murray"]
[Result "1-0"]
[WhiteElo "2405"]
[BlackElo "2430"]
[Annotator "Ftacnik,L"]
[PlyCount "95"]
[EventDate "1977.01.14"]
[EventType "tourn"]
[EventRounds "11"]
[EventCountry "NED"]
[EventCategory "7"]
[SourceTitle "MCL"]
[Source "ChessBase"]
[SourceDate "1999.07.01"]
[SourceVersion "1"]
[SourceVersionDate "1999.07.01"]
[SourceQuality "1"]

1. e4 c5 2. Nf3 Nc6 3. d4 cxd4 4. Nxd4 Nf6 5. Nc3 e5 6. Ndb5 d6 7. Bg5 a6 8.
Bxf6 gxf6 9. Na3 b5 10. Nd5 f5 11. Bd3 Be6 12. Qh5 Bg7 13. O-O f4 14. Rad1 (14.
Rfd1) 14... O-O 15. c3 f5 $6 16. exf5 Bxd5 17. f6 Rxf6 18. Bxh7+ Kf8 19. Rxd5
Ne7 20. Qf3 Rh6 21. Be4 Nxd5 22. Bxd5 Ra7 23. h3 $1 Qg5 $2 24. g4 $1 Re7 25.
Kg2 Qh4 26. Rh1 Rf6 27. Re1 Qg5 28. Be4 Rd7 29. Rd1 Rh6 30. Nc2 Bf6 31. Nb4 Be7
32. Nd5 Bd8 33. b4 Qg7 34. a4 Ra7 35. Ra1 Qd7 36. Bc2 Kg7 37. Qd3 Bh4 38. Ra3
$1 Qb7 39. c4 bxc4 40. Qxc4 Rh8 41. Qe4 Qf7 42. Rc3 Rh6 43. b5 $5 (43. Rc6)
43... axb5 44. axb5 Bd8 45. b6 Ra5 46. Bb3 Qb7 47. Bc4 Bxb6 $2 (47... Rc5 48.
Rb3 Rc6 49. Ba6 $1) 48. Rb3 {Time} 1-0

[Event "Vladivostok op"]
[Site "Vladivostok"]
[Date "1995.??.??"]
[Round "4"]
[White "Zagrebelny, Sergey"]
[Black "Kovalev, Andrei"]
[Result "1/2-1/2"]
[WhiteElo "2510"]
[BlackElo "2545"]
[Annotator "Gagarin,V"]
[PlyCount "63"]
[EventDate "1995.??.??"]
[EventType "swiss"]
[EventRounds "9"]
[EventCountry "RUS"]
[SourceTitle "CBM 046 Extra"]
[Source "ChessBase"]
[SourceDate "1995.07.01"]
[SourceVersion "1"]
[SourceVersionDate "1995.07.01"]
[SourceQuality "1"]

1. e4 c5 2. Nf3 e6 3. Nc3 Nc6 4. d4 cxd4 5. Nxd4 Nf6 6. Ndb5 d6 7. Bf4 e5 8.
Bg5 a6 9. Na3 Be6 $5 {Berd, Larsen/} (9... b5) 10. Nc4 $1 Rc8 $1 {Larsen/} 11.
Bxf6 (11. Nd5 $5 Bxd5 12. Bxf6 $1 (12. exd5 Ne7 $1 13. Qd3 $5 Nexd5 14. O-O-O
b5 $1 15. Bxf6 Qxf6 16. Nxd6+ Qxd6 17. Qxd5 Qxd5 18. Rxd5 Rc5 $10 {Tal/}) 12...
gxf6 13. Qxd5 $13) 11... Qxf6 $5 (11... gxf6 12. Bd3 $5 $14 (12. Nd5 Bxd5 13.
Qxd5 $1 $13)) 12. Nxd6+ (12. Nb6 Rb8 13. Ncd5 Qd8 14. c3 Be7 15. Bc4 O-O 16.
O-O Bg5 $13) 12... Bxd6 13. Qxd6 Nd4 (13... Rd8 $5 14. Qc5 Nd4 15. Bd3 Qg5 16.
Kf1 Rc8 $1 (16... h5 17. h4 $5) 17. Qb4 (17. Qd6 $6 h5 $1 $44 {/\ Rh6-g6!/})
17... b5 $44 {Chekhov/}) 14. Bd3 $1 (14. O-O-O $2 Qh6+ $1 15. Rd2 (15. Kb1
Bxa2+ $1 $19) 15... Rd8 $19 {/\ Nb3/}) 14... Qg5 15. h4 $146 (15. Kf1 Rd8 $5
$44 (15... h5 $5 {/\ Rh6-g6/})) (15. Nd5 $5 Bxd5 16. exd5 Rd8 (16... Nxc2+ 17.
Bxc2 Rxc2 18. O-O $16) (16... Qxg2 17. Qxe5+ Kf8 18. O-O-O $16) 17. h4 $1 Rxd6
(17... Qf4 18. Qc5 $1 $36 {/\ 0-0/}) 18. hxg5 Rxd5 19. Be4 (19. O-O-O $16 {
Vulfson,V-Chekhov,V/Moscow/1979/}) 19... Rd7 20. c3 Nc6 21. g6 $1 $16 {Chekhov/
}) 15... Qxg2 16. O-O-O Qxf2 17. Qxe5 O-O 18. Rhg1 g6 (18... f6 $5 19. Qg3 (19.
Qh5 Qe3+ $5 (19... Rc5 $6 20. e5 $1 $13) (19... b5 20. e5 f5 $13) 20. Kb1 g6
21. Qa5 $8 (21. Rxg6+ $2 hxg6 22. Qxg6+ Kh8 23. Qh5+ Kg7 $19) 21... Nf3 $1 22.
Rh1 Ne5 $15) 19... Qxg3 20. Rxg3 Nc6 $15 {/\ Ne5/}) 19. Qg3 (19. h5 $6 Rc5 $1
$17) 19... Qxg3 20. Rxg3 b5 $2 (20... Nc6 21. h5 Ne5 22. Nd5 Kg7 $15) 21. a4 $1
{>< <</} b4 (21... bxa4 22. Bxa6 $16) 22. Bxa6 $1 bxc3 (22... Rcd8 23. Rgd3 $16
) 23. Rxd4 $8 cxb2+ 24. Kxb2 $16 Rc5 25. Rg5 Rb8+ 26. Bb5 Rc7 27. Rg3 Rc5 28.
Re3 Kg7 (28... f6 $5 $132 {/\ g5/}) 29. e5 h6 30. c3 $2 (30. Rb4 $1 {/\ c3/} g5
(30... Rd5 31. Re2 $16) 31. hxg5 hxg5 32. c3 $16) 30... Bc4 $3 $10 31. Ka3 Bxb5
$1 32. axb5 (32. Kb4 $2 Rc4+ $3 33. Rxc4 Ba6+ $1 34. Kc5 Rc8+ $19) (32. axb5
Rbxb5 (32... Rcxb5 33. Rb4 $10) 33. Rde4 {/\ e6/} (33. e6 $2 fxe6 34. Rxe6
Rxc3+ 35. Ka4 Rf5 $17) 33... Rb8 (33... Rb1 34. Ka4 $10 {/\ Rb4/}) 34. Rb4 Re8
35. Rbe4 Rb5 36. Ka4 Rb6 37. Rb4 $10) 1/2-1/2